000 00649nam a2200253Ia 4500
003 OSt
005 20221007111830.0
006 a|||||r|||| 00| 0
007 ta
008 221006b |||||||| |||| 00| 0 eng d
020 _a8182342391
024 _a24,387
037 _cTextual
040 _aLCO
_cLCO
_beng
041 _2eng
_aeng
082 _aY11OaZ, P8
100 _aChouhan Laxmidhar
_9708557
245 0 _aChild and the Law
260 _aNew
_bDelhi Mittal Publications India
_c2008
300 _a276
650 _aCHILD
_9297337
942 _hY11OaZ, P8
_cTEXL
999 _c1193950
_d1193950